QCM sur Montpellier - Statistiques

Statistiques générales
  • Ce quiz a été pris 158 fois
  • Le résultat moyen est 10 sur 12
Statistiques - réponses
Question Réponse % Correct
Quelle place est au centre de Montpellier ? Place de la Comédie
98%
Montpellier est connu pour être ? Une ville étudiante
98%
Quel célèbre youtubeur des années 2010 est originaire de Montpellier ? Rémi Gaillard
90%
Quel fleuve traverse Montpellier ? Le Lez
89%
Lequel de ces arcs se situe à Montpellier ?
88%
Quelle faculté est réputée pour être la plus ancienne encore en activité ? Fac de médecine
88%
Combien y a-t-il de lignes de tram ? 5
83%
Lequel de ces personnages politiques a été maire de Montpellier ? Georges Frêche
81%
Quel événement a lieu chaque année à Montpellier ? le Festival International des Sports Exrêmes
72%
En quelle année le MHSC (club de foot) a remporté son seul titre de Ligue 1 ? 2012
65%
Laquelle de ces entreprises montpelliéraine possède le club de foot ? Nicollin
65%
Dans quels sports une équipe montpelliéraine a-t-elle déjà remporté un titre de champion en Première Division ? Rugby, Football, Handball et Volley-ball
31%
Aucun quiz correspondant
Distribution des résultats
% des personnes avec chaque résultat
Percentile par nombre de réponses
Votre historique - résultats
Vous n’avez pas pris ce quiz